000 09841 a2200613 4500
005 2008082907277.0
008 080829t xxu||||| |||| 00| 0 hin d
010 _aHIN-82749 B-293803-833
020 _a818813466x
_c350.00
035 _aHN-55095
035 _aB-293803-833
037 _bपु.प्र.अ.प्र/प्रका
082 _a615.882
100 _aअमृत प्रसाद
245 _aरेकीः सुखों का सागर /
_cअमृत प्रसाद
246 _aRekee:Sokhoo ka sagar
_bby Amrit Parsad
260 _aनई दिल्ली
_bसत्यम पब्लिशिंग हाऊस
_c2007
270 _aएन-3/25,मोहन गार्डन
_bनई दिल्ली
_e110059
_k011- 25358642
300 _a134पृ
_c22 सेमी (सजिल्द)
_bसचित्र
942 _adpl
_cHN
_k615.882 / अमृत
_2ddc
_h615.882
_m अमृत
999 _c10960
_d10960